Statistics for Clash Royale Trivia

Click here to take the quiz!

General Stats

  • This quiz has been taken 2,432 times
  • The average score is 8 of 15

Answer Stats

HintAnswer% Correct
An army of the deadSkeleton army
89%
A horde of flying creaturesMinion Horde
84%
A legendary dragonInferno Dragon
82%
A woman with an axeValkyrie
58%
A spiky wood thing that rollsLog
57%
A troop that carries a rageLumberjack
57%
A spell that makes troops go fasterRage Spell
52%
Barbarians holding a logBattle ram
51%
A group of six goblinsGoblin Gang
47%
A wizard that zapsElectro Wizard
43%
The best archer in the gamePrincess
41%
A tank that shoots sparksSparky
41%
A man with an axeExecutioner
33%
A goblin with a far rangeDart Goblin
29%
A tower that can go undergroundHidden Tesla
20%

Score Distribution

Percentile by Number Answered

Percent of People with Each Score

Your Score History

You have not taken this quiz